Planning in the Scottish Development Department: a retrospective (Record no. 72022)

MARC details
000 -LEADER
fixed length control field 01583cam a2200265 4500
001 - CONTROL NUMBER
control field ABS66373
008 - FIXED-LENGTH DATA ELEMENTS--GENERAL INFORMATION
fixed length control field 030131n2002 000 0 eng u
035 ## - SYSTEM CONTROL NUMBER
System control number (Sirsi) u121197
100 ## - MAIN ENTRY--PERSONAL NAME
Personal name Hickman, R.
245 ## - TITLE STATEMENT
Title Planning in the Scottish Development Department: a retrospective
260 ## - PUBLICATION, DISTRIBUTION, ETC.
Date of publication, distribution, etc. 2002
490 ## - SERIES STATEMENT
Series statement Scottish Planning and Environmental Law
Volume/sequential designation (94) December 2002, 133-135(3)
520 ## - SUMMARY, ETC.
Summary, etc. Reviews the planning activities of the Scottish Development Department over a 30-year period, and highlights major patterns of change. Suggests that the Town and Country Planning (Scotland) Act 1969 and the announcement of the Montrose oil field were two key influences on the planning work of the department. Continues by expanding on these and other major issues affecting the work of professional planners during this period: the 'new' development plan system, the response to the pressures for on-shore, oil-related development, the creation and growing influence of the Inquiry Reporters Unit, and the emergence and growing significance of the National Planning Policy Guidelines (NPPG) and Planning Advice Notes (PAN).
590 ## - LOCAL NOTE (RLIN)
Local note ABS
650 ## - SUBJECT ADDED ENTRY--TOPICAL TERM
Topical term or geographic name entry element SCOTLAND
650 ## - SUBJECT ADDED ENTRY--TOPICAL TERM
Topical term or geographic name entry element SCOTTISH DEVELOPMENT DEPARTMENT
650 ## - SUBJECT ADDED ENTRY--TOPICAL TERM
Topical term or geographic name entry element LOCAL DEVELOPMENT PLANS
650 ## - SUBJECT ADDED ENTRY--TOPICAL TERM
Topical term or geographic name entry element SCOTTISH EXECUTIVE INQUIRY REPORTERS UNIT
650 ## - SUBJECT ADDED ENTRY--TOPICAL TERM
Topical term or geographic name entry element OIL FIELDS
650 ## - SUBJECT ADDED ENTRY--TOPICAL TERM
Topical term or geographic name entry element TOWN AND COUNTRY PLANNING (SCOTLAND) ACT 1969
650 ## - SUBJECT ADDED ENTRY--TOPICAL TERM
Topical term or geographic name entry element PLANNING ADVICE NOTES
650 ## - SUBJECT ADDED ENTRY--TOPICAL TERM
Topical term or geographic name entry element NATIONAL PLANNING POLICY GUIDANCE
690 ## - LOCAL SUBJECT ADDED ENTRY--TOPICAL TERM (OCLC, RLIN)
Topical term or geographic name as entry element ENVIRONMENTAL AND LAND CONSULTANCY-PLANNING AND DEVELOPMENT
942 ## - ADDED ENTRY ELEMENTS (KOHA)
Suppress in OPAC 0
Holdings
Withdrawn status Lost status Source of classification or shelving scheme Damaged status Not for loan Home library Current library Shelving location Date acquired Total Checkouts Full call number Barcode Date last seen Copy number Price effective from Koha item type
    Dewey Decimal Classification     London London Journal article 31/01/2003   ABS66373 121197-1001 06/08/2019 1 06/08/2019 Journal article